Autobiografía de Eleanor Roosevelt /
Збережено в:
| Автор: | |
|---|---|
| Формат: | Книга |
| Мова: | Іспанська |
| Опубліковано: |
México :
Novaro,
1964, c1964
|
| Редагування: | Edición compendiada |
| Серія: | (Nova-Mex ;
228) |
| Предмети: | |
| Теги: |
Немає тегів, Будьте першим, хто поставить тег для цього запису!
|
MARC
| LEADER | 00000nam^a2200000^a^4500 | ||
|---|---|---|---|
| 001 | 000426075 | ||
| 005 | 20250521000000.0 | ||
| 009 | 20260310122732.909 | ||
| 037 | |a Acervo Xavier Clavigero | ||
| 041 | |a ESP | ||
| 082 | |a 973. 0917 |b ROO | ||
| 100 | |a Roosevelt, Eleanor |e (autor) | ||
| 245 | 1 | 0 | |a Autobiografía de Eleanor Roosevelt / |c E. Roosevelt ; tr. por Analola N. de Icaza. |
| 250 | |a Edición compendiada | ||
| 264 | 4 | |a México : |b Novaro, |c 1964, c1964 | |
| 300 | |a 252 p. | ||
| 336 | |a texto |b txt |2 rdacontenido | ||
| 337 | |a sin mediación |b n |2 rdamedio | ||
| 338 | |a volumen |b nc |2 rdasoporte | ||
| 440 | 1 | |a (Nova-Mex ; |v 228) | |
| 500 | |a Traducción de: The Autobiography of Eleanor Roosevelt | ||
| 561 | |a Ex libris de Bibl. Magnopontanae Domus Scti. Ioseph. Prov. Mex. Sept. S.I., ejemplares 1 y 2 | ||
| 610 | |a ONU | ||
| 649 | |a XX | ||
| 650 | |a Diplomáticos Norteamericanos - |x Memorias | ||
| 650 | |a Primeras Damas Norteamericanas - |x Memorias | ||
| 650 | |a Parejas y Familiares de Personajes Históricos - |z EUA - |x Memorias | ||
| 650 | |a Mujeres Norteamericanas - |x Memorias | ||
| 650 | |a Gobernadores Norteamericanos - |x Biografías | ||
| 650 | |a Jefes de Estado Norteamericanos - |x Biografías | ||
| 650 | |a Derechos Humanos - |z EUA - |x Historia - |y 1945-1953 | ||
| 650 | |a Derechos Humanos - |z EUA - |x Historia - |y Siglo XX | ||
| 650 | |a Política - |z Nueva York, EUA (Estado) - |x Historia - |y 1919-1933 | ||
| 650 | |a Política - |z Nueva York, EUA (Estado) - |x Historia - |y Siglo XX | ||
| 650 | |a Política - |z EUA - |x Historia - |y 1919-1933 | ||
| 650 | |a Política - |z EUA - |x Historia - |y 1933-1945 | ||
| 650 | |a Política - |z EUA - |x Historia - |y Siglo XX | ||
| 650 | |a Nueva York, EUA (Estado) - |x Historia - |y 1919-1933 | ||
| 650 | |a Nueva York, EUA (Estado) - |x Historia - |y Siglo XX | ||
| 650 | |a EUA - |x Historia - |y 1919-1933 | ||
| 650 | |a EUA - |x Historia - |y 1933-1945 | ||
| 650 | |a EUA - |x Historia - |y 1945-1953 | ||
| 650 | |a EUA - |x Historia - |y Siglo XX | ||
| 650 | |a Roosevelt, Eleanor - |x Tema Principal | ||
| 600 | |a Roosevelt, Franklin D. | ||
| 910 | |a Fondo General | ||
| 920 | |a Impresos - Libros | ||
| 930 | |a Colección General | ||
| 905 | |a 101 | ||
| 901 | |a 064635 |b IT1 |c ACC |i 64635 |u 20250521 | ||
| 901 | |a 064636 |b IT1 |c ACC |i 64636 |u 20250521 | ||
| 902 | |a https://opac.biblio.iteso.mx/vufind/Record/000426075 | ||